[Event "Tilburg"]
[Site "?"]
[Date "1987.??.??"]
[Round "?"]
[White "Huebner, R."]
[Black "Kortchnoi, V."]
[Result "1-0"]
[WhiteElo "2610"]
[BlackElo "2630"]
[PlyCount "37"]
[EventDate "1987.??.??"]
[Source "ChessBase"]
[SourceDate "1987.07.01"]

1. e4 e5 2. Nf3 Nc6 3. Bb5 a6 4. Ba4 Nf6 5. O-O Nxe4 6. d4 b5 7. Bb3 d5 8. dxe5 Be6 9. c3 Nc5 10. Bc2 Bg4 11. Re1 Be7 12. Nbd2 Qd7 13. Nf1 Rd8 14. Ne3 Bh5 15. Nf5 O-O 16. Nxe7+ Nxe7 17. b4 Na4 18. Bxh7+ Kxh7 19. e6 1-0

[Event "Manila PHI"]
[Site "Manila PHI"]
[Date "1988.??.??"]
[Round "?"]
[White "Short, Nigel D"]
[Black "Torre, Eugenio"]
[Result "1-0"]
[WhiteElo "2630"]
[BlackElo "2555"]
[PlyCount "81"]
[EventDate "1988.??.??"]
[Source "www.chesslib.no"]
[SourceDate "2004.05.04"]

1. e4 e5 2. Nf3 Nc6 3. Bb5 a6 4. Ba4 Nf6 5. O-O Nxe4 6. d4 b5 7. Bb3 d5 8. dxe5 Be6 9. c3 Nc5 10. Bc2 Bg4 11. Nbd2 Be7 12. Re1 Bh5 13. b4 Ne6 14. Nf1 O-O 15. a4 Qd7 16. Bf5 Rad8 17. axb5 axb5 18. g4 Bg6 19. h4 h5 20. Ng3 d4 21. Ra6 hxg4 22. Bxg4 Nb8 23. Rxe6 fxe6 24. Nxd4 Bf7 25. Bg5 Nc6 26. Bxe7 Nxe7 27. Ne4 Ng6 28. Ng5 Rfe8 29. Bh5 Nh8 30. Qc2 g6 31. Ne4 Kg7 32. Nf6 Qc8 33. Nc6 Qa6 34. Nxd8 Rxd8 35. Bf3 Qa7 36. Kg2 c5 37. Qc1 cxb4 38. Ng4 Kf8 39. Qh6+ Ke7 40. Qg5+ Ke8 41. Bc6+ 1-0

[Event "Villa Gesell"]
[Site "Villa Gesell"]
[Date "1996.??.??"]
[Round "1"]
[White "Ricardi, Pablo"]
[Black "Sorokin, Maxim"]
[Result "1-0"]
[WhiteElo "2555"]
[BlackElo "2560"]
[PlyCount "95"]
[EventDate "1996.03.??"]
[Source "ChessBase"]

1. e4 e5 2. Nf3 Nc6 3. Bb5 a6 4. Ba4 Nf6 5. O-O Nxe4 6. d4 b5 7. Bb3 d5 8. dxe5 Be6 9. c3 Nc5 10. Bc2 Bg4 11. Re1 Be7 12. Nbd2 Qd7 13. h3 Bh5 14. Nb3 Rd8 15. Nxc5 Bxc5 16. e6 fxe6 17. Bf5 Bxf3 18. Qxf3 Qf7 19. Bxe6 Qxf3 20. Bxd5+ Ne7 21. Bxf3 O-O 22. Bg5 Rde8 23. b4 Bd6 24. a4 h6 25. Be3 Nf5 26. Bc6 Nxe3 27. Bxe8 Nc2 28. axb5 axb5 29. Bxb5 Nxa1 30. Rxa1 Be5 31. Bc4+ Kh8 32. Ra3 Rd8 33. g3 g5 34. Be2 Rd2 35. Kf1 Bd6 36. Ra6 Kg7 37. Rc6 Kf8 38. c4 Bxb4 39. Rxc7 Kg8 40. Bf3 Rc2 41. Be4 Rc3 42. Kg2 Bd6 43. Bd5+ Kh8 44. Rc6 Bf8 45. f4 gxf4 46. gxf4 h5 47. f5 h4 48. Rc8 1-0

[Event "Frunze"]
[Site "Frunze"]
[Date "1985.??.??"]
[Round "9"]
[White "Thipsay, Praveen Mahadeo"]
[Black "Agzamov, Georgy"]
[Result "0-1"]
[WhiteElo "2470"]
[BlackElo "2590"]
[PlyCount "112"]
[EventDate "1985.11.??"]
[Source "ChessBase"]

1. e4 e5 2. Nf3 Nc6 3. Bb5 a6 4. Ba4 Nf6 5. O-O Nxe4 6. d4 b5 7. Bb3 d5 8. dxe5 Be6 9. c3 Nc5 10. Bc2 Bg4 11. Re1 Be7 12. Nbd2 Bh5 13. Nf1 O-O 14. Ng3 Bg6 15. Nf5 Qd7 16. g4 Rfd8 17. N3d4 Nxd4 18. cxd4 Ne6 19. Be3 c5 20. f3 Rac8 21. Rc1 cxd4 22. Bd2 Rc4 23. b3 Rcc8 24. Bd3 Rxc1 25. Qxc1 Bf8 26. Qb2 Rc8 27. Kg2 Bb4 28. Re2 Bc3 29. Qc1 Nc5 30. Qb1 b4 31. Bf4 Re8 32. h3 h5 33. Qd1 hxg4 34. hxg4 Nxd3 35. Qxd3 Qb5 36. Qd1 d3 37. Re3 Bxf5 38. gxf5 d2 39. e6 fxe6 40. fxe6 d4 41. Re5 Qd3 42. Re4 Qb5 43. Bxd2 Qd3 44. Re2 Rf8 45. Rf2 Qg6+ 46. Kf1 Qxe6 47. Bxc3 dxc3 48. Qd3 Rc8 49. Rh2 Kf7 50. Re2 Qc6 51. Qc2 Qd5 52. Kg2 Rc6 53. Re4 a5 54. Qe2 Qd2 55. Qxd2 cxd2 56. Rd4 Rc2 0-1

[Event "Val Maubuee"]
[Site "Val Maubuee"]
[Date "1989.??.??"]
[Round "6"]
[White "Abramovic, Bosko"]
[Black "Flear, Glenn C"]
[Result "0-1"]
[WhiteElo "2485"]
[BlackElo "2500"]
[PlyCount "154"]
[EventDate "1989.04.??"]
[Source "www.chesslib.no"]
[SourceDate "2004.05.04"]

1. e4 e5 2. Nf3 Nc6 3. Bb5 a6 4. Ba4 Nf6 5. O-O Nxe4 6. d4 b5 7. Bb3 d5 8. dxe5 Be6 9. c3 Nc5 10. Bc2 Bg4 11. Re1 Be7 12. Nbd2 Qd7 13. Nf1 Rd8 14. Ne3 Bh5 15. b4 Ne6 16. g4 Bg6 17. Nf5 h5 18. h3 hxg4 19. hxg4 Kf8 20. Kg2 f6 21. Ng3 Bxc2 22. Qxc2 fxe5 23. Qf5+ Kg8 24. Nxe5 Nxe5 25. Qxe5 Kf7 26. Qf5+ Bf6 27. Nh5 d4 28. cxd4 Nxd4 29. Qxd7+ Rxd7 30. Nxf6 gxf6 31. Rd1 Rhd8 32. a3 Nc2 33. Rxd7+ Rxd7 34. Ra2 Ne1+ 35. Kg3 Rd3+ 36. Be3 Rc3 37. Kh2 Kg6 38. Kh1 Nc2 39. Bd2 Rc4 40. f3 Nd4 41. Kg2 Kf7 42. Kf2 Ke6 43. Be3 Nc2 44. Bc5 Ke5 45. Kg3 Kd5 46. Be7 Ke6 47. Bc5 Ke5 48. Rb2 Nxa3 49. Re2+ Kd5 50. Rd2+ Ke6 51. Re2+ Kd5 52. Rd2+ Ke6 53. Ra2 Rc3 54. Bd4 Rd3 55. Re2+ Kf7 56. Bc5 Nc4 57. Re7+ Kg6 58. Rxc7 Ne5 59. Bf8 Rxf3+ 60. Kh4 Nf7 61. Ra7 Ra3 62. Rb7 Rf3 63. Ra7 Rd3 64. Rb7 Rd8 65. Be7 Rh8+ 66. Kg3 Ng5 67. Rb6 Kf7 68. Bd6 Rh3+ 69. Kg2 Ra3 70. Bf4 Ne6 71. Bc1 Rc3 72. Bh6 Rc4 73. Kg3 Rxb4 74. Rxa6 Rb3+ 75. Kf2 Nc5 76. Rb6 Kg6 77. Be3 Ne4+ 0-1

[Event "New York op"]
[Site "New York"]
[Date "1987.??.??"]
[Round "?"]
[White "Byrne, Robert E"]
[Black "Wedberg, Tom"]
[Result "1/2-1/2"]
[WhiteElo "2495"]
[BlackElo "2480"]
[PlyCount "89"]
[EventDate "1987.04.??"]
[Source "ChessBase"]

1. e4 e5 2. Nf3 Nc6 3. Bb5 a6 4. Ba4 Nf6 5. O-O Nxe4 6. d4 b5 7. Bb3 d5 8. dxe5 Be6 9. c3 Nc5 10. Bg5 Qd7 11. Bc2 h6 12. Bh4 g5 13. Bg3 Bg4 14. h3 Bh5 15. Nbd2 Bg7 16. Qb1 O-O 17. Bh2 Rae8 18. Re1 f5 19. exf6 Bxf6 20. Rxe8 Bxe8 21. Nb3 Nb7 22. Nbd4 Nxd4 23. Nxd4 Nd6 24. Bxd6 Qxd6 25. Nf5 Qb6 26. Nxh6+ Kh8 27. Nf5 b4 28. cxb4 Qxb4 29. Qd1 Bg6 30. Rb1 c6 31. Ne3 Bxc2 32. Qxc2 Qd6 33. Rc1 d4 34. Nf5 Qd5 35. Qd3 Qxa2 36. Rxc6 Qxb2 37. Qd1 Kg8 38. Rxa6 Qb5 39. Rxf6 Rxf6 40. Nxd4 Qd5 41. Qa4 Kg7 42. Qb4 Qe4 43. g3 Rf7 44. Qd2 Kf8 45. Qb4+ 1/2-1/2

[Event "World Open"]
[Site "Philadelphia, PA USA"]
[Date "1988.??.??"]
[Round "?"]
[White "Wolff, Patrick G"]
[Black "Fishbein, Alexander"]
[Result "1/2-1/2"]
[WhiteElo "2500"]
[BlackElo "2435"]
[PlyCount "100"]
[EventDate "1988.06.??"]
[Source "www.chesslib.no"]
[SourceDate "2004.05.04"]

1. e4 e5 2. Nf3 Nc6 3. Bb5 a6 4. Ba4 Nf6 5. O-O Nxe4 6. d4 b5 7. Bb3 d5 8. dxe5 Be6 9. c3 Nc5 10. Bc2 Bg4 11. Nbd2 Be7 12. Re1 Bh5 13. Nf1 O-O 14. Ng3 Bg6 15. Nf5 Qd7 16. g4 Rad8 17. N3d4 Nxd4 18. cxd4 Ne6 19. f4 Bb4 20. Bd2 Bxd2 21. Qxd2 c5 22. dxc5 Nxc5 23. Rad1 d4 24. Qxd4 Qxd4+ 25. Nxd4 Bxc2 26. Nxc2 Nd3 27. Re4 Nxb2 28. Rd6 Nc4 29. Rxa6 Rd2 30. Nd4 Rc8 31. Nc6 Kf8 32. a4 Na5 33. axb5 Nxc6 34. Rc4 Rb8 35. Rcxc6 Rxb5 36. Rc8+ Ke7 37. Ra7+ Rd7 38. Rcc7 Rxc7 39. Rxc7+ Ke8 40. Kg2 g6 41. Kf3 Rb3+ 42. Kf2 Rb2+ 43. Kg3 Rb3+ 44. Kg2 Rb2+ 45. Kf3 Rxh2 46. Rc8+ Ke7 47. f5 gxf5 48. gxf5 Rh4 49. Ra8 Kd7 50. Ra7+ Ke8 1/2-1/2

[Event "quickplay"]
[Site "Leeds quickplay"]
[Date "1988.??.??"]
[Round "?"]
[White "Adams, Michael"]
[Black "Flear, Glenn C"]
[Result "1-0"]
[WhiteElo "2460"]
[BlackElo "2460"]
[PlyCount "69"]
[EventDate "1988.??.??"]
[Source "www.chesslib.no"]
[SourceDate "2004.05.04"]

1. e4 e5 2. Nf3 Nc6 3. Bb5 a6 4. Ba4 Nf6 5. O-O Nxe4 6. d4 b5 7. Bb3 d5 8. dxe5 Be6 9. c3 Nc5 10. Bc2 Be7 11. Re1 Qd7 12. Nbd2 Bg4 13. Nf1 Rd8 14. Ne3 Bh5 15. Nf5 O-O 16. Nxe7+ Nxe7 17. Be3 Na4 18. Rb1 Ng6 19. Qd3 Rfe8 20. Bg5 Rb8 21. Nd4 Qg4 22. f4 h6 23. Bd1 Nc5 24. Qc2 Qd7 25. Bxh5 hxg5 26. Bxg6 fxg6 27. Qxg6 gxf4 28. e6 Qd6 29. Nf5 Qf8 30. Nh6+ Kh8 31. Nf7+ Kg8 32. Ng5 Qf6 33. Qh7+ Kf8 34. e7+ Rxe7 35. Qh8# 1-0

[Event "URS-ch48 sf Krasnojarsk"]
[Site "Krasnojarsk"]
[Date "1980.??.??"]
[Round "?"]
[White "Gufeld, Eduard E"]
[Black "Ruderfer, Mark B"]
[Result "1/2-1/2"]
[WhiteElo "2510"]
[BlackElo "2405"]
[PlyCount "116"]
[EventDate "1980.??.??"]
[Source "www.chesslib.no"]
[SourceDate "2004.05.04"]

1. e4 e5 2. Nf3 Nc6 3. Bb5 a6 4. Ba4 Nf6 5. O-O Nxe4 6. d4 b5 7. Bb3 d5 8. dxe5 Be6 9. c3 Nc5 10. Bc2 Bg4 11. Nbd2 Be7 12. Re1 Bh5 13. Nf1 O-O 14. Ng3 Bg6 15. Be3 Qd7 16. Qb1 Rfe8 17. Bf5 Ne6 18. Qc2 Bf8 19. Rad1 Ne7 20. Bd3 c5 21. Nh4 Bxd3 22. Qxd3 c4 23. Qd2 Rad8 24. Bb6 Rb8 25. Be3 Qc7 26. f4 Nc5 27. Bxc5 Qxc5+ 28. Kh1 Rbd8 29. Nf3 Nc6 30. Nf5 Rd7 31. N5d4 Nxd4 32. Nxd4 Qc7 33. Re2 Bc5 34. Rde1 Bxd4 35. Qxd4 Qa7 36. Qxa7 Rxa7 37. Rd1 Rd7 38. Red2 f6 39. Rxd5 Rxd5 40. Rxd5 Kf7 41. Kg1 fxe5 42. fxe5 Ke6 43. Rd6+ Kxe5 44. Rxa6 Rd8 45. Ra5 Rd1+ 46. Kf2 Rd2+ 47. Ke3 Rxb2 48. a4 Rxg2 49. Rxb5+ Kd6 50. Rh5 h6 51. h3 g6 52. Rxh6 Kc5 53. Rh8 Rc2 54. Rc8+ Kd5 55. Rd8+ Kc5 56. Rc8+ Kd5 57. Rd8+ Kc5 58. Rc8+ Kd5 1/2-1/2

[Event "Golden Cleopatra op"]
[Site "Cairo"]
[Date "2001.05.03"]
[Round "2"]
[White "Sameeh, Hany"]
[Black "Marin, Mihail"]
[Result "0-1"]
[WhiteElo "2313"]
[BlackElo "2601"]
[PlyCount "90"]
[EventDate "2001.05.02"]
[Source "ChessBase"]
[SourceDate "2001.07.03"]

1. e4 e5 2. Nf3 Nc6 3. Bb5 a6 4. Ba4 Nf6 5. O-O Nxe4 6. d4 b5 7. Bb3 d5 8. dxe5 Be6 9. c3 Nc5 10. Bc2 Bg4 11. Re1 Be7 12. h3 Bh5 13. Nbd2 Qd7 14. Nb3 Ne6 15. g4 Bg6 16. Bf5 Ncd8 17. a4 bxa4 18. Nbd4 c5 19. Ne2 O-O 20. Ng3 Qc6 21. Rxa4 c4 22. Ra2 Nc5 23. Nd4 Qc7 24. f4 Bh4 25. Qf3 Nde6 26. Rd1 Bxg3 27. Qxg3 Nxd4 28. cxd4 Bxf5 29. gxf5 Ne4 30. Qg2 Kh8 31. Be3 f6 32. Rf1 a5 33. Kh2 Rab8 34. Rfa1 Rb5 35. e6 g6 36. fxg6 Rg8 37. Rg1 Rxg6 38. Qe2 Qd6 39. Rxg6 hxg6 40. Bd2 Qxe6 41. Bxa5 Qa6 42. f5 Rxa5 43. Rxa5 Qxa5 44. fxg6 Qc7+ 45. Kg1 Qg3+ 0-1

[Event "Luxembourg Open"]
[Site "Luxembourg"]
[Date "1988.??.??"]
[Round "5"]
[White "Schmittdiel, Eckhard"]
[Black "Flear, Glenn C"]
[Result "1/2-1/2"]
[WhiteElo "2420"]
[BlackElo "2460"]
[PlyCount "67"]
[EventDate "1988.05.??"]
[Source "www.chesslib.no"]
[SourceDate "2004.05.04"]

1. e4 e5 2. Nf3 Nc6 3. Bb5 a6 4. Ba4 Nf6 5. O-O Nxe4 6. d4 b5 7. Bb3 d5 8. dxe5 Be6 9. c3 Nc5 10. Bg5 Qd7 11. Na3 b4 12. Nc2 bxc3 13. bxc3 Na5 14. Ncd4 Naxb3 15. axb3 h6 16. Bh4 g5 17. Bg3 Bg7 18. Nxe6 fxe6 19. Nd2 O-O 20. Qc2 Qf7 21. b4 Nd7 22. Nf3 c5 23. Qe2 Rfb8 24. bxc5 Nxc5 25. Nd4 Qg6 26. f4 gxf4 27. Rxf4 Rb1+ 28. Rxb1 Qxb1+ 29. Rf1 Qe4 30. Qh5 Rf8 31. Re1 Qd3 32. Qg4 Re8 33. Qh5 Rf8 34. Qg4 1/2-1/2

[Event "New York op"]
[Site "New York"]
[Date "1987.??.??"]
[Round "?"]
[White "Hellers, Ferdinand"]
[Black "Fishbein, Alexander"]
[Result "1-0"]
[WhiteElo "2465"]
[BlackElo "2410"]
[PlyCount "65"]
[EventDate "1987.04.??"]
[Source "ChessBase"]

1. e4 e5 2. Nf3 Nc6 3. Bb5 a6 4. Ba4 Nf6 5. O-O Nxe4 6. d4 b5 7. Bb3 d5 8. dxe5 Be6 9. c3 Nc5 10. Bc2 Bg4 11. Nbd2 Be7 12. Re1 Bh5 13. Nb3 Ne6 14. Bf5 Qd7 15. Qd3 Bg6 16. Nfd4 Bxf5 17. Nxf5 O-O 18. a4 Rab8 19. axb5 axb5 20. Ra6 Rfe8 21. Qg3 Ra8 22. Rxc6 Qxc6 23. Nbd4 Qd7 24. Nxe6 g6 25. Nh6+ Kh8 26. Nxf7+ Kg8 27. Nh6+ Kh8 28. Ng5 Ra1 29. Rf1 Bxg5 30. Bxg5 Rxf1+ 31. Kxf1 Kg7 32. Qf4 Re6 33. Ng4 1-0

[Event "Beersheba"]
[Site "Beersheba"]
[Date "1976.??.??"]
[Round "6"]
[White "Damjanovic, Mato"]
[Black "Radashkovich, Itchak"]
[Result "1/2-1/2"]
[WhiteElo "2425"]
[BlackElo "2445"]
[PlyCount "40"]
[EventDate "1976.03.??"]
[Source "ChessBase"]

1. e4 e5 2. Nf3 Nc6 3. Bb5 a6 4. Ba4 Nf6 5. O-O Nxe4 6. d4 b5 7. Bb3 d5 8. dxe5 Be6 9. c3 Nc5 10. Nd4 Nxe5 11. f4 Nc4 12. f5 Bd7 13. Re1+ Ne4 14. Nd2 Be7 15. Nxe4 dxe4 16. Re2 Nd6 17. Bf4 O-O 18. Bxd6 Bxd6 19. Rxe4 Rb8 20. Qf3 Qf6 1/2-1/2

[Event "Moscow-B"]
[Site "Moscow RUS"]
[Date "1988.??.??"]
[Round "?"]
[White "Pavlovic, Milos"]
[Black "Sorokin, Maxim"]
[Result "1/2-1/2"]
[WhiteElo "2460"]
[BlackElo "2390"]
[PlyCount "82"]
[EventDate "1988.??.??"]
[Source "www.chesslib.no"]
[SourceDate "2004.05.04"]

1. e4 e5 2. Nf3 Nc6 3. Bb5 a6 4. Ba4 Nf6 5. O-O Nxe4 6. d4 b5 7. Bb3 d5 8. dxe5 Be6 9. c3 Nc5 10. Bc2 Bg4 11. Re1 Be7 12. Nbd2 Qd7 13. Nf1 Rd8 14. Ne3 Bh5 15. b4 Ne6 16. g4 Bg6 17. Nf5 O-O 18. a4 Rfe8 19. axb5 axb5 20. Bd3 Nb8 21. Qe2 d4 22. Ra7 Qd5 23. Be4 Qc4 24. Qxc4 bxc4 25. Bd2 dxc3 26. Bxc3 Bf8 27. Nd2 h5 28. h3 Bxf5 29. gxf5 Nd4 30. Bxd4 Rxd4 31. Nf3 Bxb4 32. Nxd4 Bxe1 33. e6 Bc3 34. Rxc7 fxe6 35. Nxe6 Bf6 36. Rxc4 Nd7 37. Bd5 Kh7 38. Bc6 Rc8 39. Bb5 Rxc4 40. Bxc4 Ne5 41. Be2 Kh6 1/2-1/2

[Event "Asti op"]
[Site "Asti"]
[Date "1997.??.??"]
[Round "?"]
[White "Nurkic, Sahbaz"]
[Black "Naumkin, Igor"]
[Result "1/2-1/2"]
[WhiteElo "2395"]
[BlackElo "2435"]
[PlyCount "114"]
[EventDate "1997.??.??"]
[Source "www.chesslib.no"]
[SourceDate "2004.05.04"]

1. e4 e5 2. Nf3 Nc6 3. Bb5 a6 4. Ba4 Nf6 5. O-O Nxe4 6. d4 b5 7. Bb3 d5 8. dxe5 Be6 9. c3 Nc5 10. Bc2 Bg4 11. Nbd2 Be7 12. h3 Bh5 13. Qe1 Ne6 14. Bf5 Bg6 15. Bxg6 fxg6 16. Nb3 Qd7 17. Qe2 O-O 18. Rd1 Bc5 19. a4 Rab8 20. axb5 axb5 21. Ra6 Bb6 22. Be3 Nf4 23. Bxf4 Rxf4 24. Raa1 Ne7 25. Nbd4 c6 26. Ra6 h6 27. Qd2 g5 28. Qd3 g4 29. hxg4 Rxg4 30. Rda1 Ng6 31. e6 Qe8 32. Qf5 Rf4 33. Qh5 Rf6 34. b4 Qc8 35. g3 Qb7 36. Ne5 Nxe5 37. Qxe5 Re8 38. Qh5 Rff8 39. Qg6 Bxd4 40. cxd4 Re7 41. f4 Qc8 42. f5 Qe8 43. Qg4 Kh7 44. Ra8 Qxa8 45. Rxa8 Rxa8 46. Qg6+ Kh8 47. f6 gxf6 48. Qxf6+ Rg7 49. e7 Kh7 50. Qf8 Rxg3+ 51. Kh2 Rg8 52. Qf7+ Kh8 53. Kh3 Ra3+ 54. Kh4 Re3 55. Qf6+ Kh7 56. Qf5+ Kh8 57. Qf6+ Kh7 1/2-1/2

[Event "CSR Ch"]
[Site "Brno CZE"]
[Date "1990.??.??"]
[Round "2"]
[White "Prandstetter, Eduard"]
[Black "Priehoda, Vitezslav"]
[Result "1/2-1/2"]
[WhiteElo "2400"]
[BlackElo "2415"]
[PlyCount "94"]
[EventDate "1990.??.??"]
[Source "www.chesslib.no"]
[SourceDate "2004.05.04"]

1. e4 e5 2. Nf3 Nc6 3. Bb5 a6 4. Ba4 Nf6 5. O-O Nxe4 6. d4 b5 7. Bb3 d5 8. dxe5 Be6 9. c3 Nc5 10. Bc2 Bg4 11. Re1 Qd7 12. Nbd2 Be7 13. Nf1 Bh5 14. Ng3 Bg6 15. Nd4 Bxc2 16. Qxc2 O-O 17. Ngf5 Rfe8 18. Re3 Bf8 19. Nxc6 Qxc6 20. Nd4 Qd7 21. b4 Ne6 22. Rh3 g6 23. Be3 c5 24. Nxe6 Rxe6 25. f4 cxb4 26. Bd4 Bg7 27. cxb4 Rc6 28. Bc5 Bf8 29. Qf2 Bxc5 30. bxc5 Qe7 31. Rc1 Rac8 32. Rhc3 b4 33. R3c2 a5 34. Qd4 Qe6 35. h3 Qf5 36. Re2 h5 37. Qxd5 Qxf4 38. Rf1 Rxc5 39. Qd7 Qc4 40. e6 Qxe2 41. exf7+ Kf8 42. Qd6+ Qe7 43. Qxg6 Qe3+ 44. Kh1 Rc1 45. Qd6+ Kg7 46. Qf6+ Kh7 47. Qf5+ Kg7 1/2-1/2

[Event "Villa Ballester op"]
[Site "Villa Ballester"]
[Date "1997.??.??"]
[Round "5"]
[White "Fucek, Claudio"]
[Black "Sorokin, Maxim"]
[Result "0-1"]
[WhiteElo "2250"]
[BlackElo "2560"]
[PlyCount "55"]
[EventDate "1997.??.??"]
[Source "www.chesslib.no"]
[SourceDate "2004.05.04"]

1. e4 e5 2. Nf3 Nc6 3. Bb5 a6 4. Ba4 Nf6 5. O-O Nxe4 6. d4 b5 7. Bb3 d5 8. dxe5 Be6 9. c3 Nc5 10. Bc2 Bg4 11. Nbd2 Be7 12. Re1 Qd7 13. Nf1 Rd8 14. Ng3 d4 15. h3 d3 16. Bb3 Be6 17. Be3 Nxb3 18. axb3 a5 19. Nh5 O-O 20. Qd2 Kh8 21. Bg5 Bxb3 22. Bf6 Rg8 23. Bxe7 Qxe7 24. Qf4 Bd5 25. Rad1 Bxf3 26. Qxf3 Nxe5 27. Qe3 Rge8 28. f4 0-1

[Event "Amsterdam NED"]
[Site "Amsterdam NED"]
[Date "1982.??.??"]
[Round "?"]
[White "Gruenfeld, Yehuda"]
[Black "Pliester, Leon"]
[Result "1-0"]
[WhiteElo "2505"]
[BlackElo "2300"]
[PlyCount "56"]
[EventDate "1982.??.??"]
[Source "www.chesslib.no"]
[SourceDate "2004.05.04"]

1. e4 e5 2. Nf3 Nc6 3. Bb5 a6 4. Ba4 Nf6 5. O-O Nxe4 6. d4 b5 7. Bb3 d5 8. dxe5 Be6 9. c3 Nc5 10. Bc2 Bg4 11. Re1 Ne6 12. Nbd2 Bc5 13. Nb3 Bb6 14. a4 Ne7 15. axb5 axb5 16. Rxa8 Qxa8 17. Qd3 c6 18. Nfd4 Qb7 19. Qg3 h5 20. h3 Bxd4 21. Nxd4 Nxd4 22. cxd4 Be6 23. Qxg7 Rg8 24. Qf6 Bxh3 25. Bg5 Be6 26. Ra1 Bc8 27. Bh7 Rf8 28. Ra8 Qxa8 1-0

[Event "Jakarta zt"]
[Site "Jakarta INA"]
[Date "1987.??.??"]
[Round "?"]
[White "Chan, Peng-Kong"]
[Black "Torre, Eugenio"]
[Result "0-1"]
[WhiteElo "2260"]
[BlackElo "2540"]
[PlyCount "96"]
[EventDate "1987.03.??"]
[Source "www.chesslib.no"]
[SourceDate "2004.05.04"]

1. e4 e5 2. Nf3 Nc6 3. Bb5 a6 4. Ba4 Nf6 5. O-O Nxe4 6. d4 b5 7. Bb3 d5 8. dxe5 Be6 9. c3 Nc5 10. Bc2 Bg4 11. Re1 Be7 12. h3 Bh5 13. Bf4 Qd7 14. Nbd2 O-O 15. Qb1 Bg6 16. Nd4 Bxc2 17. Qxc2 Ne6 18. Nxe6 fxe6 19. Bg3 Bc5 20. Nf3 Ne7 21. Qd3 Bb6 22. Rad1 c5 23. Re4 c4 24. Qe2 Nf5 25. Rg4 Qe7 26. Kh2 Rad8 27. Bf4 Qa7 28. Bg5 Rd7 29. Nd4 Bxd4 30. cxd4 Rdf7 31. f3 b4 32. Be3 a5 33. Bf2 a4 34. Qd2 Rb7 35. Rf4 Rc8 36. Rc1 Ra8 37. h4 a3 38. bxa3 Qxa3 39. Rc2 b3 40. axb3 cxb3 41. Rb2 Qb4 42. Qc1 Qc4 43. Qb1 Rc8 44. Qa1 Rbb8 45. Qa3 Qb4 46. Qa6 Qb6 47. Qa4 Qb5 48. Qa3 Rc2 0-1

[Event "Honved"]
[Site "Budapest"]
[Date "1997.??.??"]
[Round "3"]
[White "Gross, David"]
[Black "Petran, Pal"]
[Result "1-0"]
[WhiteElo "2360"]
[BlackElo "2425"]
[PlyCount "89"]
[EventDate "1997.02.??"]
[Source "ChessBase"]
[SourceDate "1997.07.29"]

1. e4 e5 2. Nf3 Nc6 3. Bb5 a6 4. Ba4 Nf6 5. O-O Nxe4 6. d4 b5 7. Bb3 d5 8. dxe5 Be6 9. c3 Nc5 10. Bc2 Bg4 11. Re1 Be7 12. Be3 Ne6 13. Bb3 Nxe5 14. Bxd5 Bxf3 15. gxf3 c6 16. Be4 Qxd1 17. Rxd1 O-O 18. a4 Ng5 19. f4 Nef3+ 20. Bxf3 Nxf3+ 21. Kg2 Nh4+ 22. Kg3 Nf5+ 23. Kf3 f6 24. Nd2 Kf7 25. Ne4 Rfd8 26. Bc5 Rxd1 27. Rxd1 bxa4 28. Ra1 Rb8 29. Bxe7 Kxe7 30. Rxa4 Rxb2 31. Rxa6 Kd7 32. Kg4 Ne7 33. f5 h5+ 34. Kxh5 Nxf5 35. Kg6 Nh4+ 36. Kxg7 f5 37. Nf6+ Kd6 38. Ra4 Ng2 39. h4 Rxf2 40. h5 Ne3 41. h6 Rg2+ 42. Kf7 Rh2 43. h7 Nd5 44. Rd4 f4 45. Rd2 1-0

[Event "Osuna Open"]
[Site "Osuna"]
[Date "1991.??.??"]
[Round "?"]
[White "Urday, Henry"]
[Black "Estremera Panos, Sergio"]
[Result "1/2-1/2"]
[WhiteElo "2480"]
[BlackElo "2300"]
[PlyCount "66"]
[EventDate "1991.??.??"]
[Source "www.chesslib.no"]
[SourceDate "2004.05.04"]

1. e4 e5 2. Nf3 Nc6 3. Bb5 a6 4. Ba4 Nf6 5. O-O Nxe4 6. d4 b5 7. Bb3 d5 8. dxe5 Be6 9. c3 Nc5 10. Bc2 Bg4 11. Re1 Be7 12. Nbd2 O-O 13. Nf1 Re8 14. Ng3 Bf8 15. b4 Bxf3 16. gxf3 Nxe5 17. Rxe5 Rxe5 18. bxc5 Bxc5 19. Bf4 Re8 20. Qd3 g6 21. Be3 Qe7 22. Re1 Bxe3 23. fxe3 Qa3 24. Bb3 c6 25. Re2 Qc1+ 26. Kf2 Re7 27. e4 Rae8 28. exd5 cxd5 29. Qxd5 Rxe2+ 30. Nxe2 Qe3+ 31. Kg3 Re7 32. Qd8+ Re8 33. Qd5 Re7 1/2-1/2

[Event "Skopje ol (Men)"]
[Site "Skopje MKD"]
[Date "1972.10.12"]
[Round "15.1"]
[White "Ardiansyah, Haji"]
[Black "Ujtumen, Tudev"]
[Result "1-0"]
[WhiteElo "2340"]
[BlackElo "2400"]
[PlyCount "103"]
[EventDate "1972.09.??"]
[Source "www.chesslib.no"]
[SourceDate "2004.05.04"]

1. e4 e5 2. Nf3 Nc6 3. Bb5 a6 4. Ba4 Nf6 5. O-O Nxe4 6. d4 b5 7. Bb3 d5 8. dxe5 Be6 9. c3 Nc5 10. Bc2 Bg4 11. Re1 Qd7 12. b4 Ne6 13. a4 Rd8 14. axb5 axb5 15. Bd3 Rb8 16. Na3 Ncd8 17. Qe2 c6 18. Nc2 Be7 19. Be3 O-O 20. h3 Bh5 21. g4 Bg6 22. Nfd4 c5 23. Nxe6 Nxe6 24. f4 d4 25. cxd4 cxd4 26. Bd2 Bxd3 27. Qxd3 Rfc8 28. f5 Ng5 29. Bxg5 Bxg5 30. Qxd4 Qc6 31. Re2 Qf3 32. Rf2 Qb3 33. Qe4 h5 34. e6 Qxh3 35. exf7+ Kf8 36. Rh2 Qxg4+ 37. Qxg4 hxg4 38. Ra7 Be7 39. Ne3 g3 40. Rh3 Kxf7 41. Nd5 Re8 42. f6 gxf6 43. Nxe7 Ra8 44. Rh7+ Ke6 45. Rb7 Reb8 46. Rc7 Rd8 47. Rc1 Rd3 48. Re1+ Kd6 49. Nf5+ Kc6 50. Re6+ Kd5 51. Rd6+ Ke4 52. Rh4+ 1-0

[Event "Pula op"]
[Site "Pula"]
[Date "2002.05.17"]
[Round "7"]
[White "Papp, Gabor"]
[Black "Mikac, Matjaz"]
[Result "1/2-1/2"]
[WhiteElo "2306"]
[BlackElo "2414"]
[PlyCount "36"]
[EventDate "2002.05.12"]
[Source "ChessBase"]
[SourceDate "2002.07.08"]

1. e4 e5 2. Nf3 Nc6 3. Bb5 a6 4. Ba4 Nf6 5. O-O Nxe4 6. d4 b5 7. Bb3 d5 8. dxe5 Be6 9. c3 Nc5 10. Bc2 Bg4 11. Re1 Qd7 12. h3 Bh5 13. Be3 Ne6 14. g4 Bg6 15. Nbd2 Bxc2 16. Qxc2 h5 17. g5 g6 18. Rad1 Qc8 1/2-1/2

[Event "Dreszer Open"]
[Site "Gdynia POL"]
[Date "1989.??.??"]
[Round "4"]
[White "Solozhenkin, Evgeniy"]
[Black "Cybulak, Adam"]
[Result "1-0"]
[WhiteElo "2405"]
[BlackElo "2300"]
[PlyCount "109"]
[EventDate "1989.??.??"]
[Source "www.chesslib.no"]
[SourceDate "2004.05.04"]

1. e4 e5 2. Nf3 Nc6 3. Bb5 a6 4. Ba4 Nf6 5. O-O Nxe4 6. d4 b5 7. Bb3 d5 8. dxe5 Be6 9. c3 Nc5 10. Nd4 Nxd4 11. cxd4 Nxb3 12. Qxb3 c5 13. dxc5 Bxc5 14. Qg3 Kf8 15. Nd2 d4 16. Ne4 Qd5 17. Nxc5 Qxc5 18. Bd2 Qc2 19. Qa3+ Kg8 20. Rfd1 h6 21. Ba5 Qe4 22. Bb6 Qxe5 23. Bxd4 Qf4 24. Be3 Qf5 25. Rd4 Qg6 26. Rd6 a5 27. Bd2 a4 28. Qb4 Rb8 29. Bf4 Kh7 30. Re1 Rb7 31. h3 Qc2 32. Rc1 Qf5 33. Rc5 Qb1+ 34. Kh2 Rc8 35. Rxc8 Bxc8 36. Qd4 Be6 37. Be5 Qg6 38. f4 b4 39. f5 Qxf5 40. Bxg7 Rb8 41. Be5 Rg8 42. Qe3 Rg5 43. Bf4 Rg6 44. Qd4 Bxa2 45. Rd8 Rg8 46. Rxg8 Kxg8 47. Qxb4 Bb3 48. Bxh6 Qe5+ 49. Bf4 Qxb2 50. Qb8+ Kh7 51. Be5 Qf2 52. Qh8+ Kg6 53. Qg7+ Kh5 54. Qg4+ Kh6 55. Bg7+ 1-0

[Event "8. Open"]
[Site "?"]
[Date "2004.06.12"]
[Round "1"]
[White "Gabrielian Artur"]
[Black "Ponomariov Timur"]
[Result "1-0"]
[WhiteElo "2447"]
[BlackElo "2240"]
[PlyCount "71"]
[EventDate "2004.??.??"]
[Source "www.chesslib.no"]
[SourceDate "2004.05.04"]

1. e4 e5 2. Nf3 Nc6 3. Bb5 a6 4. Ba4 Nf6 5. O-O Nxe4 6. d4 b5 7. Bb3 d5 8. dxe5 Be6 9. c3 Nc5 10. Bc2 Bg4 11. Re1 Be7 12. h3 Bh5 13. Bf4 d4 14. cxd4 Bxf3 15. Qxf3 Nxd4 16. Qd1 Nxc2 17. Qxc2 Qd3 18. Qc1 O-O 19. Nc3 Rfd8 20. Bg3 Qg6 21. Re2 Rd3 22. Qc2 Rad8 23. Rae1 Ne6 24. Ne4 Bg5 25. Kh1 c5 26. Nxc5 Nxc5 27. Qxc5 Rd1 28. Kh2 Qb1 29. Rxd1 Qxd1 30. Rc2 h6 31. f4 Rd5 32. Qc6 Be7 33. Rc1 Qd2 34. Qe8+ Kh7 35. Rc8 Bc5 36. f5 1-0